000 00396pab a2200145 454500
008 180718b1983 xxu||||| |||| 00| 0 eng d
100 _aJewell, Malcolme E.
245 _aLegislator - constituency relations and the representative process
260 _c1983
300 _a303-37
362 _aAug.
650 _aLegislators - U.S.A.
773 _aLegislative Studies Quarterly
909 _a12530
999 _c12530
_d12530